00541nam a2200181 a 45000010010000000030011000100080041000210350026000620820017000881000020001052450027001252600052001526500018002049420012002229520090002349980020003249990015003440000-9284ELIB.Books110520 1974  a(ELIB.Books)0000-9436 a227.87 bSte aStedman, Ray C. aWhat more can God Say? bGlendale: A Division of G/L Publications c1974 aNew Testament 2ddccBK 00102ddc4070aKBTSbKBTSd2011-05-20l0p7901r2022-01-22 00:00:00w2022-01-22yBK cbate2011-05-20 c9284d9284